نزع السلاح... مستقبل الإنسانية/ (Record no. 14616)
[ view plain ]
| 000 -الفاتح | |
|---|---|
| حقل البيانات ثابتة الطول | 01012nam a22001937a 4500 |
| 008 - عناصر البيانات ثابتة الطول - معلومات عامة | |
| حقل البيانات ثابتة الطول | 100805s1974ua|||||r||||o000 0 ara d |
| 082 ## - رقم تصنيف ديوى العشرى | |
| رقم التصنيف | 341.733 |
| رقم المادة | ب ا ت |
| 100 ## - المدخل الرئيسى - إسم شخصى | |
| 9 (RLIN) | 17091 |
| الإسم الشخصى | باتسانوف، بوريس |
| 245 ## - بيان العنوان | |
| العنوان | نزع السلاح... مستقبل الإنسانية/ |
| بيان المسئوليه,etc | بقلم بوريس باتسانوف، فلاديمير إيفانوف؛ تعريب وتعليق خيري حماد |
| 260 ## - PUBLICATION, DISTRIBUTION, ETC. (IMPRINT) | |
| مكان الناشر او الموزع | [القاهرة]: |
| اسم الناشر او الموزع | الهيئة المصرية العامة للكتاب، 1974 |
| تاريخ النشر أو التوزيع | 1974 |
| 300 ## - الوصف المادى | |
| التعداد | 241 ص؛ |
| أبعاد الوعاء | 22 سم |
| 500 ## - تبصرة عامة | |
| تبصرة عامة | ترجمة لكتاب :Disarmament Mankind's Future |
| 541 ## - تبصرة المصدر المباشر للتزويد | |
| مصدر التزويد | ؛ألف باء |
| طريقة التزويد | ؛شراء |
| 650 ## - المدخل الاضافى بالموضوع-مصطلح موضوعى | |
| 9 (RLIN) | 16088 |
| مصطلح موضوعي أو اسم جغرافي كعنصر مدخل | السياسة الخارجية |
| 700 ## - المدخل الاضافى - اسم شخصى | |
| 9 (RLIN) | 17099 |
| الإسم الشخصى | إيفانوف، فلاديمير |
| 700 ## - المدخل الاضافى - اسم شخصى | |
| 9 (RLIN) | 17100 |
| الإسم الشخصى | حماد، خيري |
| الدور | تعريب وتعليق |
| 942 ## - عناصر المدخل الإضافي( كوها) | |
| مصدر التصنيف او مخطط الترفيف | Dewey Decimal Classification |
| Koha [default] item type | Book - Borrowing |
| حالة التراجع | حالة الفقد | مصدر التصنيف او خطة الترفيف | حالة تلف | ليس للاعارة | مجموعات كوها | المكان الدائم | المكان الحالي | موقع الترفيف | تاريخ الاكتساب | Source of acquisition | رقم الاستدعاء | الباركود | Date last seen | نوع الوعاء |
|---|---|---|---|---|---|---|---|---|---|---|---|---|---|---|
| Dewey Decimal Classification | Alef-Baa | Central Library | Central Library | First floor | 05/08/2010 | 341.733 ب ا ت | 000021656 | 15/07/2025 | Book - Borrowing |